| 000 | 00918nam a2200265Ia 4500 | ||
|---|---|---|---|
| 003 | OSt | ||
| 005 | 20221005111216.0 | ||
| 006 | a|||||r|||| 00| 0 | ||
| 007 | ta | ||
| 008 | 221004b |||||||| |||| 00| 0 hin d | ||
| 020 |
_a8181432797 (hbk) _c350 |
||
| 024 | _a11832 | ||
| 037 |
_b331, 20/03/2014, Vani Prakashan _cTextual |
||
| 040 |
_aCRL _cCRL _bhin |
||
| 041 |
_2hin _ahin |
||
| 082 | _aO157,6N62x, 152P5 | ||
| 100 | _aनसरीन, तसलीमा | ||
| 245 | 0 | _aछोटे - छोटे दुख | |
| 246 | _aChhoṭe - chhoṭe dukha | ||
| 260 |
_aनई दिल्ली _bवाणी प्रकाशन भारत _c2012 |
||
| 300 |
_a255पृ0 _ccm. |
||
| 650 | _aबंगाली साहित्य | ||
| 942 |
_hO157,6N62x, 152P5 _cTEXL _2cc |
||
| 999 |
_c1021161 _d1021161 |
||